[Event "DEM U12w 2024"]
[Site "Willingen GER"]
[Date "2024.05.19"]
[Round "2"]
[White "Kübart, Ela Marie"]
[Black "Ramakrishnan, Veda"]
[Result "1/2-1/2"]
[Termination "normal"]
[Board "7"]
[WhiteElo "1567"]
[BlackElo "1482"]
[WhiteClock "00:20:57"]
[BlackClock "00:17:04"]
[PlyCount "65"]
[WhiteFideId "34633723"]
[BlackFideId "16269519"]
[EventCountry "GER"]
[EventRounds "9"]
[EventType "swiss"]
[EventDate "2024.05.18"]

1. d4 {[%clk 01:30:59]} d5 {[%clk 01:30:53]} {[%emt 00:00:08]} 2. Nf3 {[%clk
01:31:21]} {[%emt 00:00:07]} Nf6 {[%clk 01:31:00]} {[%emt 00:00:22]} 3. e3
{[%clk 01:31:36]} {[%emt 00:00:16]} c6 {[%clk 01:30:37]} {[%emt 00:00:54]} 4.
Bd3 {[%clk 01:31:18]} {[%emt 00:00:48]} Bg4 {[%clk 01:30:28]} {[%emt 00:00:38]}
5. Nbd2 {[%clk 01:31:09]} {[%emt 00:00:39]} e6 {[%clk 01:30:20]} {[%emt
00:00:38]} 6. c3 {[%clk 01:31:01]} {[%emt 00:00:38]} Bd6 {[%clk 01:29:08]}
{[%emt 00:01:42]} 7. h3 {[%clk 01:31:08]} {[%emt 00:00:22]} Bh5 {[%clk
01:29:22]} {[%emt 00:00:16]} 8. O-O {[%clk 01:30:46]} {[%emt 00:00:53]} O-O
{[%clk 01:28:24]} {[%emt 00:01:28]} 9. Qe1 {[%clk 01:30:35]} {[%emt 00:00:41]}
Nbd7 {[%clk 01:27:44]} {[%emt 00:01:11]} 10. e4 {[%clk 01:29:47]} {[%emt
00:01:17]} dxe4 {[%clk 01:24:11]} {[%emt 00:04:03]} 11. Bxe4 {[%clk 01:26:02]}
{[%emt 00:04:16]} Qc7 {[%clk 01:16:19]} {[%emt 00:08:22]} 12. Nc4 {[%clk
01:17:56]} {[%emt 00:08:36]} Nxe4 {[%clk 01:11:12]} {[%emt 00:05:37]} 13. Qxe4
{[%clk 01:18:02]} {[%emt 00:00:23]} Nf6 {[%clk 01:09:57]} {[%emt 00:01:45]} 14.
Qe2 {[%clk 01:13:34]} {[%emt 00:04:55]} Be7 {[%clk 01:04:28]} {[%emt 00:06:02]}
15. Bg5 {[%clk 01:09:46]} {[%emt 00:04:14]} h6 {[%clk 01:03:55]} {[%emt
00:01:06]} 16. Bh4 {[%clk 01:09:05]} {[%emt 00:01:12]} Nd5 {[%clk 01:02:23]}
{[%emt 00:02:02]} 17. Bxe7 {[%clk 01:08:52]} {[%emt 00:00:43]} Qxe7 {[%clk
01:02:29]} {[%emt 00:00:23]} 18. Ncd2 {[%clk 00:55:05]} {[%emt 00:14:18]} Qf6
{[%clk 00:51:58]} {[%emt 00:11:01]} 19. Qe5 {[%clk 00:53:12]} {[%emt 00:02:18]}
Bg6 {[%clk 00:47:46]} {[%emt 00:04:47]} 20. Qxf6 {[%clk 00:52:26]} {[%emt
00:01:15]} Nxf6 {[%clk 00:46:30]} {[%emt 00:01:47]} 21. Rfe1 {[%clk 00:51:19]}
{[%emt 00:01:32]} Rad8 {[%clk 00:46:03]} {[%emt 00:01:02]} 22. Ne5 {[%clk
00:49:12]} {[%emt 00:02:36]} Bf5 {[%clk 00:44:52]} {[%emt 00:01:40]} 23. Nb3
{[%clk 00:44:16]} {[%emt 00:05:26]} Rd6 {[%clk 00:40:37]} {[%emt 00:04:45]} 24.
Na5 {[%clk 00:34:13]} {[%emt 00:10:28]} Rb8 {[%clk 00:38:41]} {[%emt 00:02:32]}
25. Nac4 {[%clk 00:33:49]} {[%emt 00:00:51]} Rdd8 {[%clk 00:37:50]} {[%emt
00:01:23]} 26. Ne3 {[%clk 00:33:36]} {[%emt 00:00:44]} Bh7 {[%clk 00:36:50]}
{[%emt 00:01:29]} 27. N3c4 {[%clk 00:32:08]} {[%emt 00:01:59]} Nd5 {[%clk
00:33:45]} {[%emt 00:03:34]} 28. Na5 {[%clk 00:31:30]} {[%emt 00:00:57]} Ne7
{[%clk 00:27:48]} {[%emt 00:06:39]} 29. Nb3 {[%clk 00:29:03]} {[%emt 00:02:55]}
Rd5 {[%clk 00:26:41]} {[%emt 00:01:35]} 30. c4 {[%clk 00:27:13]} {[%emt
00:02:23]} Rd6 {[%clk 00:24:10]} {[%emt 00:03:02]} 31. Rad1 {[%clk 00:24:16]}
{[%emt 00:03:26]} Rbd8 {[%clk 00:19:54]} {[%emt 00:04:46]} 32. Rd2 {[%clk
00:20:57]} {[%emt 00:03:46]} b6 {[%clk 00:17:04]} {[%emt 00:03:23]} 33. Red1
{[%emt 00:12:50]} 1/2-1/2

[Event "DEM U12w 2024"]
[Site "Willingen GER"]
[Date "2024.05.19"]
[Round "2"]
[White "Bohatyrova, Mariia"]
[Black "Margaryan, Mane"]
[Result "1-0"]
[Termination "normal"]
[Board "8"]
[WhiteElo "1588"]
[BlackElo "1512"]
[WhiteClock "00:20:14"]
[BlackClock "00:35:30"]
[PlyCount "89"]
[WhiteFideId "34165789"]
[BlackFideId "16268237"]
[EventCountry "GER"]
[EventRounds "9"]
[EventType "swiss"]
[EventDate "2024.05.18"]

1. e4 {[%clk 01:30:58]} {[%emt 00:00:02]} c5 {[%clk 01:30:55]} {[%emt
00:00:06]} 2. Nf3 {[%clk 01:31:23]} {[%emt 00:00:04]} e6 {[%clk 01:31:20]}
{[%emt 00:00:06]} 3. d4 {[%clk 01:31:48]} {[%emt 00:00:04]} cxd4 {[%clk
01:31:45]} {[%emt 00:00:04]} 4. Nxd4 {[%clk 01:32:14]} {[%emt 00:00:04]} a6
{[%clk 01:32:10]} {[%emt 00:00:06]} 5. c4 {[%clk 01:32:32]} {[%emt 00:00:12]}
Qc7 {[%clk 01:32:18]} {[%emt 00:00:21]} 6. Nc3 {[%clk 01:32:29]} {[%emt
00:00:33]} Nf6 {[%clk 01:31:13]} {[%emt 00:01:36]} 7. a3 {[%clk 01:32:06]}
{[%emt 00:00:53]} Be7 {[%clk 01:27:09]} {[%emt 00:04:35]} 8. Be2 {[%clk
01:31:55]} {[%emt 00:00:39]} Nc6 {[%clk 01:26:37]} {[%emt 00:01:03]} 9. Be3
{[%clk 01:31:03]} {[%emt 00:01:21]} O-O {[%clk 01:24:23]} {[%emt 00:02:45]} 10.
O-O {[%clk 01:31:23]} {[%emt 00:00:10]} Rd8 {[%clk 01:23:03]} {[%emt 00:01:50]}
11. Rc1 {[%clk 01:11:21]} {[%emt 00:20:32]} Nxd4 {[%clk 01:17:25]} {[%emt
00:06:08]} 12. Bxd4 {[%clk 01:10:59]} {[%emt 00:00:51]} e5 {[%clk 01:17:22]}
{[%emt 00:00:34]} 13. Be3 {[%clk 01:11:00]} {[%emt 00:00:27]} b6 {[%clk
01:13:11]} {[%emt 00:04:43]} 14. Nd5 {[%clk 00:58:12]} {[%emt 00:13:18]} Nxd5
{[%clk 01:11:18]} {[%emt 00:02:23]} 15. cxd5 {[%clk 00:58:32]} {[%emt
00:00:11]} Qb8 {[%clk 01:10:15]} {[%emt 00:01:26]} 16. a4 {[%clk 00:54:30]}
{[%emt 00:04:38]} a5 {[%clk 01:04:13]} {[%emt 00:06:33]} 17. Qb3 {[%clk
00:50:14]} {[%emt 00:04:44]} Bb4 {[%clk 01:02:26]} {[%emt 00:02:17]} 18. f4
{[%clk 00:45:54]} {[%emt 00:04:50]} d6 {[%clk 00:55:08]} {[%emt 00:07:50]} 19.
fxe5 {[%clk 00:42:42]} {[%emt 00:03:42]} dxe5 {[%clk 00:54:42]} {[%emt
00:00:57]} 20. Bg5 {[%clk 00:30:59]} {[%emt 00:12:11]} Rd6 {[%clk 00:52:51]}
{[%emt 00:02:22]} 21. Be7 {[%clk 00:29:25]} {[%emt 00:02:02]} Rg6 {[%clk
00:49:42]} {[%emt 00:03:41]} 22. Bxb4 {[%clk 00:27:14]} {[%emt 00:02:41]} axb4
{[%clk 00:50:08]} {[%emt 00:00:05]} 23. Bh5 {[%clk 00:27:22]} {[%emt 00:00:19]}
Rf6 {[%clk 00:49:10]} {[%emt 00:01:30]} 24. Rxf6 {[%clk 00:26:56]} {[%emt
00:00:56]} gxf6 {[%clk 00:49:35]} {[%emt 00:00:05]} 25. Qxb4 {[%clk 00:24:23]}
{[%emt 00:03:02]} Qa7 {[%clk 00:48:54]} {[%emt 00:01:12]} 26. Rc3 {[%clk
00:24:06]} {[%emt 00:00:44]} b5+ {[%clk 00:48:20]} {[%emt 00:01:08]} 27. Kh1
{[%clk 00:22:36]} {[%emt 00:01:55]} Bd7 {[%clk 00:46:10]} {[%emt 00:02:44]} 28.
Qe7 {[%clk 00:16:12]} {[%emt 00:06:50]} Qf2 {[%clk 00:39:39]} {[%emt 00:07:05]}
29. h3 {[%clk 00:16:29]} {[%emt 00:00:12]} Qf1+ {[%clk 00:39:32]} {[%emt
00:00:38]} 30. Kh2 {[%clk 00:16:52]} {[%emt 00:00:07]} Qf4+ {[%clk 00:39:58]}
{[%emt 00:00:04]} 31. Rg3+ {[%clk 00:17:04]} {[%emt 00:00:17]} Kh8 {[%clk
00:40:14]} {[%emt 00:00:14]} 32. Qxf7 {[%clk 00:17:16]} {[%emt 00:00:18]} Qxg3+
{[%clk 00:38:34]} {[%emt 00:02:11]} 33. Kxg3 {[%clk 00:17:40]} {[%emt
00:00:06]} Rg8+ {[%clk 00:36:32]} {[%emt 00:02:32]} 34. Kf2 {[%clk 00:17:42]}
{[%emt 00:00:24]} Rg7 {[%clk 00:34:26]} {[%emt 00:02:41]} 35. Qf8+ {[%clk
00:18:02]} {[%emt 00:00:09]} Rg8 {[%clk 00:34:51]} {[%emt 00:00:06]} 36. Qxf6+
{[%clk 00:18:25]} {[%emt 00:00:07]} Rg7 {[%clk 00:35:12]} {[%emt 00:00:09]} 37.
a5 {[%clk 00:18:38]} {[%emt 00:00:17]} Bc8 {[%clk 00:34:31]} {[%emt 00:01:12]}
38. a6 {[%clk 00:18:50]} {[%emt 00:00:18]} b4 {[%clk 00:34:39]} {[%emt
00:00:22]} 39. a7 {[%clk 00:19:01]} {[%emt 00:00:18]} Bb7 {[%clk 00:34:55]}
{[%emt 00:00:14]} 40. Qxe5 {[%clk 00:18:54]} {[%emt 00:00:37]} b3 {[%clk
00:34:58]} {[%emt 00:00:28]} 41. Qb8+ {[%clk 00:19:15]} {[%emt 00:00:08]} Rg8
{[%clk 00:35:05]} {[%emt 00:00:24]} 42. Qxb7 {[%clk 00:19:29]} {[%emt
00:00:16]} Rf8+ {[%clk 00:35:23]} {[%emt 00:00:12]} 43. Ke2 {[%clk 00:19:53]}
{[%emt 00:00:05]} Rg8 {[%clk 00:35:28]} {[%emt 00:00:26]} 44. a8=R {[%clk
00:19:47]} {[%emt 00:00:36]} Rxa8 {[%clk 00:35:30]} {[%emt 00:00:28]} 45. Qxa8+
{[%clk 00:20:14]} {[%emt 00:00:03]} 1-0

[Event "DEM U12w 2024"]
[Site "Willingen GER"]
[Date "2024.05.19"]
[Round "2"]
[White "Luible, Antonia"]
[Black "Tischlinger, Lara"]
[Result "0-1"]
[Termination "normal"]
[Board "9"]
[WhiteElo "1347"]
[BlackElo "1584"]
[WhiteClock "00:10:59"]
[BlackClock "00:37:48"]
[PlyCount "114"]
[WhiteFideId "34681710"]
[BlackFideId "34663401"]
[EventCountry "GER"]
[EventRounds "9"]
[EventType "swiss"]
[EventDate "2024.05.18"]

1. d4 {[%clk 01:30:58]} {[%emt 00:00:01]} d5 {[%clk 01:30:53]} {[%emt
00:00:07]} 2. Nf3 {[%clk 01:31:19]} {[%emt 00:00:10]} Nf6 {[%clk 01:31:12]}
{[%emt 00:00:11]} 3. e3 {[%clk 01:31:36]} {[%emt 00:00:13]} e6 {[%clk
01:31:25]} {[%emt 00:00:16]} 4. Bd3 {[%clk 01:31:49]} {[%emt 00:00:17]} Be7
{[%clk 01:31:36]} {[%emt 00:00:19]} 5. O-O {[%clk 01:31:58]} {[%emt 00:00:22]}
O-O {[%clk 01:31:54]} {[%emt 00:00:11]} 6. Nbd2 {[%clk 01:32:06]} {[%emt
00:00:22]} b6 {[%clk 01:31:55]} {[%emt 00:00:30]} 7. b3 {[%clk 01:32:19]}
{[%emt 00:00:17]} Bb7 {[%clk 01:32:15]} {[%emt 00:00:09]} 8. Bb2 {[%clk
01:32:33]} {[%emt 00:00:17]} c5 {[%clk 01:32:25]} {[%emt 00:00:19]} 9. Ne5
{[%clk 01:32:20]} {[%emt 00:00:43]} Nbd7 {[%clk 01:31:46]} {[%emt 00:01:09]}
10. f4 {[%clk 01:31:41]} {[%emt 00:01:11]} Ne4 {[%clk 01:27:53]} {[%emt
00:04:23]} 11. Bxe4 {[%clk 01:28:14]} {[%emt 00:03:57]} dxe4 {[%clk 01:28:07]}
{[%emt 00:00:14]} 12. c4 {[%clk 01:15:01]} {[%emt 00:13:45]} f6 {[%clk
01:12:34]} {[%emt 00:16:03]} 13. Nxd7 {[%clk 01:05:11]} {[%emt 00:10:20]} Qxd7
{[%clk 01:12:50]} {[%emt 00:00:12]} 14. Rf2 {[%clk 01:00:31]} {[%emt 00:05:12]}
f5 {[%clk 01:10:54]} {[%emt 00:02:24]} 15. Nf1 {[%clk 00:56:08]} {[%emt
00:04:54]} Rad8 {[%clk 01:07:09]} {[%emt 00:04:14]} 16. Rd2 {[%clk 00:56:11]}
{[%emt 00:00:29]} Qc7 {[%clk 01:04:22]} {[%emt 00:03:16]} 17. Qe2 {[%clk
00:52:52]} {[%emt 00:03:46]} Rd7 {[%clk 01:01:06]} {[%emt 00:03:49]} 18. Rad1
{[%clk 00:52:22]} {[%emt 00:01:01]} Rfd8 {[%clk 01:00:07]} {[%emt 00:01:20]}
19. dxc5 {[%clk 00:46:09]} {[%emt 00:06:52]} Bxc5 {[%clk 00:58:46]} {[%emt
00:01:50]} 20. Be5 {[%clk 00:42:20]} {[%emt 00:04:17]} Qc8 {[%clk 00:55:37]}
{[%emt 00:03:41]} 21. Qf2 {[%clk 00:38:05]} {[%emt 00:04:44]} Rxd2 {[%clk
00:53:44]} {[%emt 00:02:23]} 22. Rxd2 {[%clk 00:38:22]} {[%emt 00:00:16]} Bc6
{[%clk 00:51:48]} {[%emt 00:02:26]} 23. Qg3 {[%clk 00:32:09]} {[%emt 00:06:23]}
Rd7 {[%clk 00:47:46]} {[%emt 00:04:52]} 24. Qe1 {[%clk 00:27:41]} {[%emt
00:04:56]} Bb4 {[%clk 00:44:48]} {[%emt 00:03:30]} 25. Qg3 {[%clk 00:21:57]}
{[%emt 00:06:15]} Bxd2 {[%clk 00:44:57]} {[%emt 00:00:21]} 26. Nxd2 {[%clk
00:22:14]} {[%emt 00:00:13]} Qb7 {[%clk 00:44:43]} {[%emt 00:00:43]} 27. Nf1
{[%clk 00:21:43]} {[%emt 00:01:01]} Rd1 {[%clk 00:43:30]} {[%emt 00:01:41]} 28.
Qg5 {[%clk 00:20:07]} {[%emt 00:02:07]} Qd7 {[%clk 00:42:08]} {[%emt 00:01:49]}
29. Qg3 {[%clk 00:17:39]} {[%emt 00:03:01]} b5 {[%clk 00:37:33]} {[%emt
00:05:06]} 30. h3 {[%clk 00:13:30]} {[%emt 00:04:39]} bxc4 {[%clk 00:36:22]}
{[%emt 00:01:41]} 31. bxc4 {[%clk 00:13:34]} {[%emt 00:00:26]} g6 {[%clk
00:35:59]} {[%emt 00:00:53]} 32. Qf2 {[%clk 00:11:45]} {[%emt 00:02:19]} Qd3
{[%clk 00:36:03]} {[%emt 00:00:24]} 33. a4 {[%clk 00:06:06]} {[%emt 00:06:11]}
Bxa4 {[%clk 00:34:57]} {[%emt 00:01:36]} 34. g4 {[%clk 00:05:57]} {[%emt
00:00:38]} Bb3 {[%clk 00:34:21]} {[%emt 00:01:06]} 35. Kg2 {[%clk 00:05:40]}
{[%emt 00:00:48]} Bxc4 {[%clk 00:34:31]} {[%emt 00:00:20]} 36. Kg3 {[%clk
00:05:34]} {[%emt 00:00:34]} Qxf1 {[%clk 00:33:34]} {[%emt 00:01:28]} 37. Qxf1
{[%clk 00:05:48]} {[%emt 00:00:16]} Rxf1 {[%clk 00:33:56]} {[%emt 00:00:08]}
38. gxf5 {[%clk 00:05:41]} {[%emt 00:00:37]} exf5 {[%clk 00:34:16]} {[%emt
00:00:10]} 39. Kh4 {[%clk 00:05:46]} {[%emt 00:00:26]} a5 {[%clk 00:34:29]}
{[%emt 00:00:17]} 40. Kg5 {[%clk 00:05:49]} {[%emt 00:00:27]} a4 {[%clk
00:34:34]} {[%emt 00:00:25]} 41. h4 {[%clk 00:05:57]} {[%emt 00:00:22]} Rg1+
{[%clk 00:34:50]} {[%emt 00:00:14]} 42. Kf6 {[%clk 00:06:18]} {[%emt 00:00:09]}
a3 {[%clk 00:35:07]} {[%emt 00:00:13]} 43. Ke7 {[%clk 00:06:14]} {[%emt
00:00:34]} a2 {[%clk 00:35:22]} {[%emt 00:00:16]} 44. Kd6 {[%clk 00:06:35]}
{[%emt 00:00:09]} a1=Q {[%clk 00:35:35]} 45. Bxa1 {[%clk 00:07:04]} Rxa1 {[%clk
00:35:53]} {[%emt 00:00:12]} 46. Ke5 {[%clk 00:07:19]} {[%emt 00:00:15]} Rd1
{[%clk 00:36:12]} {[%emt 00:00:10]} 47. Kf6 {[%clk 00:07:44]} {[%emt 00:00:06]}
Rd2 {[%clk 00:36:07]} {[%emt 00:00:35]} 48. h5 {[%clk 00:08:05]} {[%emt
00:00:08]} Bf7 {[%clk 00:36:21]} {[%emt 00:00:15]} 49. hxg6 {[%clk 00:08:20]}
{[%emt 00:00:16]} hxg6 {[%clk 00:36:26]} {[%emt 00:00:24]} 50. Ke5 {[%clk
00:08:34]} {[%emt 00:00:17]} Kf8 {[%clk 00:36:28]} {[%emt 00:00:28]} 51. Kf6
{[%clk 00:08:52]} {[%emt 00:00:13]} Rd5 {[%clk 00:36:42]} {[%emt 00:00:15]} 52.
Kg5 {[%clk 00:09:12]} {[%emt 00:00:10]} Kg7 {[%clk 00:37:06]} {[%emt 00:00:06]}
53. Kh4 {[%clk 00:09:33]} {[%emt 00:00:08]} Rd2 {[%clk 00:37:19]} {[%emt
00:00:16]} 54. Kg5 {[%clk 00:09:53]} {[%emt 00:00:10]} Rg2+ {[%clk 00:37:27]}
{[%emt 00:00:23]} 55. Kh4 {[%clk 00:10:16]} {[%emt 00:00:06]} Bc4 {[%clk
00:37:32]} {[%emt 00:00:25]} 56. Kh3 {[%clk 00:10:38]} {[%emt 00:00:09]} Bf1
{[%clk 00:37:56]} {[%emt 00:00:06]} 57. Kh4 {[%clk 00:10:59]} {[%emt 00:00:09]}
Rg4# {[%clk 00:37:48]} {[%emt 00:00:07]} 0-1

[Event "DEM U12w 2024"]
[Site "Willingen GER"]
[Date "2024.05.19"]
[Round "2"]
[White "Döscher, Nayla"]
[Black "Fettan, Nua"]
[Result "0-1"]
[Termination "normal"]
[Board "10"]
[WhiteElo "1564"]
[BlackElo "1601"]
[WhiteClock "00:29:48"]
[BlackClock "00:18:26"]
[PlyCount "78"]
[WhiteFideId "34625046"]
[BlackFideId "34637362"]
[EventCountry "GER"]
[EventRounds "9"]
[EventType "swiss"]
[EventDate "2024.05.18"]

1. e4 {[%clk 01:30:58]} e5 {[%clk 01:30:48]} {[%emt 00:00:13]} 2. Nf3 {[%clk
01:31:21]} {[%emt 00:00:08]} Nc6 {[%clk 01:31:15]} {[%emt 00:00:03]} 3. Nc3
{[%clk 01:31:32]} {[%emt 00:00:18]} Nf6 {[%clk 01:31:18]} {[%emt 00:00:27]} 4.
Bb5 {[%clk 01:31:50]} {[%emt 00:00:11]} Bc5 {[%clk 01:27:23]} {[%emt 00:04:26]}
5. d3 {[%clk 01:31:36]} {[%emt 00:00:44]} d6 {[%clk 01:25:26]} {[%emt
00:02:27]} 6. Bg5 {[%clk 01:30:52]} {[%emt 00:01:13]} h6 {[%clk 01:25:21]}
{[%emt 00:00:35]} 7. Bh4 {[%clk 01:27:42]} {[%emt 00:03:38]} g5 {[%clk
01:24:49]} {[%emt 00:01:04]} 8. Bg3 {[%clk 01:27:55]} {[%emt 00:00:17]} a6
{[%clk 01:18:38]} {[%emt 00:06:42]} 9. Ba4 {[%clk 01:28:02]} {[%emt 00:00:22]}
Bg4 {[%clk 01:09:48]} {[%emt 00:09:21]} 10. Qd2 {[%clk 01:24:32]} {[%emt
00:04:00]} Bxf3 {[%clk 01:03:55]} {[%emt 00:06:23]} 11. gxf3 {[%clk 01:22:22]}
{[%emt 00:02:40]} b5 {[%clk 01:00:43]} {[%emt 00:03:43]} 12. Bb3 {[%clk
01:21:35]} {[%emt 00:01:17]} Nd4 {[%clk 01:01:01]} {[%emt 00:00:12]} 13. O-O-O
{[%clk 01:16:55]} {[%emt 00:05:10]} Nxf3 {[%clk 00:57:32]} {[%emt 00:04:00]}
14. Qe2 {[%clk 01:16:07]} {[%emt 00:01:13]} Nd4 {[%clk 00:54:55]} {[%emt
00:03:11]} 15. Qf1 {[%clk 01:13:29]} {[%emt 00:03:00]} Qd7 {[%clk 00:51:01]}
{[%emt 00:04:33]} 16. Nd5 {[%clk 01:03:43]} {[%emt 00:10:16]} Nxb3+ {[%clk
00:47:44]} {[%emt 00:03:48]} 17. axb3 {[%clk 01:00:45]} {[%emt 00:03:27]} Nxd5
{[%clk 00:47:48]} {[%emt 00:00:26]} 18. exd5 {[%clk 01:01:01]} {[%emt
00:00:13]} a5 {[%clk 00:47:39]} {[%emt 00:00:37]} 19. Re1 {[%clk 00:59:07]}
{[%emt 00:02:25]} O-O-O {[%clk 00:38:36]} {[%emt 00:09:33]} 20. Qe2 {[%clk
00:55:36]} {[%emt 00:04:01]} Kb7 {[%clk 00:35:47]} {[%emt 00:03:20]} 21. c4
{[%clk 00:51:30]} {[%emt 00:04:33]} b4 {[%clk 00:35:55]} {[%emt 00:00:25]} 22.
Kc2 {[%clk 00:51:22]} {[%emt 00:00:37]} a4 {[%clk 00:36:06]} {[%emt 00:00:19]}
23. Ra1 {[%clk 00:50:43]} {[%emt 00:01:08]} Ra8 {[%clk 00:36:01]} {[%emt
00:00:35]} 24. h4 {[%clk 00:47:59]} {[%emt 00:03:13]} f6 {[%clk 00:31:28]}
{[%emt 00:05:03]} 25. Ra2 {[%clk 00:44:38]} {[%emt 00:03:52]} Bd4 {[%clk
00:30:28]} {[%emt 00:01:31]} 26. Rha1 {[%clk 00:42:15]} {[%emt 00:02:49]} a3
{[%clk 00:30:34]} {[%emt 00:00:27]} 27. Qe1 {[%clk 00:40:25]} {[%emt 00:02:19]}
Rhb8 {[%clk 00:26:03]} {[%emt 00:05:03]} 28. Qxb4+ {[%clk 00:39:43]} {[%emt
00:01:12]} Kc8 {[%clk 00:25:47]} {[%emt 00:00:47]} 29. Qe1 {[%clk 00:39:25]}
{[%emt 00:00:37]} Bxb2 {[%clk 00:25:56]} {[%emt 00:00:32]} 30. Rb1 {[%clk
00:38:24]} {[%emt 00:01:25]} c5 {[%clk 00:24:42]} {[%emt 00:01:49]} 31. f3
{[%clk 00:35:15]} {[%emt 00:03:38]} Qb7 {[%clk 00:24:37]} {[%emt 00:00:36]} 32.
Qe4 {[%clk 00:29:43]} {[%emt 00:06:00]} Qxb3+ {[%clk 00:23:41]} {[%emt
00:01:28]} 33. Kd2 {[%clk 00:29:53]} {[%emt 00:00:18]} Bc3+ {[%clk 00:24:02]}
{[%emt 00:00:11]} 34. Ke3 {[%clk 00:29:44]} {[%emt 00:00:37]} Bd4+ {[%clk
00:24:24]} {[%emt 00:00:10]} 35. Ke2 {[%clk 00:29:51]} {[%emt 00:00:23]} Qxa2+
{[%clk 00:24:43]} {[%emt 00:00:11]} 36. Kf1 {[%clk 00:29:49]} {[%emt 00:00:26]}
Qxb1+ {[%clk 00:25:04]} {[%emt 00:00:14]} 37. Kg2 {[%clk 00:29:55]} {[%emt
00:00:15]} Rb2+ {[%clk 00:25:30]} {[%emt 00:00:15]} 38. Kh3 {[%clk 00:30:06]}
{[%emt 00:00:18]} h5 {[%clk 00:18:19]} {[%emt 00:07:41]} 39. Qf5+ {[%clk
00:29:48]} {[%emt 00:00:47]} Kb8 {[%clk 00:18:26]} {[%emt 00:00:23]} 0-1